TOP 5 - First five humans in space - Statistics

General Stats
  • This quiz has been taken 17 times
  • The average score is 3 of 5
Answer Stats
Position Name Nationality Date Spacecraft % Correct
1. Yuri Gagarin USSR 12 April 1961 Vostok 1
100%
5. John Glenn USA 20 February 1962 Friendship 7
80%
2. Alan Shepard USA 5 May 1961 Freedom 7
60%
3. Virgil Grissom USA 21 July 1961 Liberty Bell 7
33%
4. Gherman Titov USSR 6 August 1962 Vostok 2
13%
No matching quizzes found
Score Distribution
Percent of People with Each Score
Percentile by Number Answered
Your Score History
You have not taken this quiz